| 000 | 00451nam a2200181Ia 4500 | ||
|---|---|---|---|
| 005 | 20250423094606.0 | ||
| 008 | 250422s9999 xx 000 0 und d | ||
| 020 | _a9781588293916 | ||
| 050 | _aRC 394.D35 .B76/ | ||
| 100 | _aBroderick, Patricia A. | ||
| 245 | 0 | _aBioimaging in neurodegeneration | |
| 260 | _aNew Jersey | ||
| 260 | _bHuman press | ||
| 260 | _c2005 | ||
| 300 | _a313 p | ||
| 650 | _aBrain--Degeneration--Imaging. | ||
| 942 | _cBK | ||
| 999 |
_c27701 _d27701 |
||